000 00693nam a2200265Ia 4500
005 20260121170516.0
008 008 260114s9999 xx 000 0 eng d
020 _a9783658219963
037 _aEBOOK
040 _aCRL
040 _beng
040 _cCRL
041 _2eng
041 _aeng
084 _qCRL
100 _aHiroshi Kabashima, Shing-I Liu, Christoph Luetge, Aurelio de Prada GarcĂ­a
_91064754
245 4 _aThe Idea of Justice in Literature
260 _bSpringer
260 _bSpringer
260 _c2018
856 _uhttps://link.springer.com/openurl?genre=book&isbn=978-3-658-21996-3
942 _cEBOOK
999 _c1630484
_d1630484